01487nam a2200193 u 45000010006000000050017000060080041000230350010000640350021000740400013000950410008001080820008001161000038001242450036001622600103001983000018003015050940003196500034012594863920260428104631.0960313s1985 spa  a48639 a(OCoLC)778119642 ccomduadb aspa 4a00110aArango Gaviria, Gustavo4auteaut10aDesarrollo de sistemas expertos aBogotá :bUniversidad de los Andes, Departamento de Ingenieria de Sistemas y Computacion,c1985. a312 páginas aCONTENIDO : Prologo. -- PRIMERA PARTE: Introducción a los sistemas expertos. -- Capítulo primero: ¿Qué son los sistemas expertos? -- Capitulo segundo: Ejemplos de utilización de sistemas expertos. -- Capítulo tercero: Construcción de un sistema experto. -- Capítulo cuarto: Los sistemas expertos en diagnóstico y solución de problemas. -- Capítulo quinto: Herramientas y técnicas para la construcción de motor de inferencia de un sistema experto. -- SEGUNDA PARTE: Perspectivas. -- Capitulo primero: La programación declarativa y los sistemas expertos. -- Capítulo segundo: Los expertos como reemplazo de los programas clásicos: Un sistema experto en nómina. -- Capítulo tercero: Los aportes de tres sistemas a la inteligencia artificial. -- Capítulo cuarto: El metaconocimiento: posibilidades y realizaciones. -- Capítulo quinto: Los sistemas expertos de segunda generación. -- Bibliografía. 7aInteligencia artificial2lemb